01017nam a2200217 a 450000100100000000500170001000800410002704000250006808200150009324501750010824600370028326000700032030000350039050000740042550400550049959000260055470000510058070000380063195201130066999900170078200004235520201002040112.0131127s1999 sp ab 000 0 spa d aDO-SdBNPbspacBNPHU axxxxbxxxx00aA Historia no Eixo Atlántico =A História no Eixo Atlântico /cL. Xulio Carballo Arceo... [et. al.] ; coordinación /coordenação Xosé Manuel Souto González.1 aA História no Eixo Atlântico aVigo, España :bEixo Atlántico do Noroeste Peninsular,c1999. a272 p. :bil., mapas ;c21 cm. aIncluye referencias bibliográficas y notas al pie de las páginas. aIncluye bibliografía al final de cada capítulo aInventariado, 2019/BT12aSouto González, Xosé Manuel,ecoor.96942712aCarballo Arceo, Luis Xulio969428 001050718MOaGRbGRcHDd2013-11-27iLF1l0oxxxx xxxxp42355-10r2020-06-25w2020-06-25y1ZNo se presta c41844d41844